00558cam a22002171 4500001001300000003000400013005001700017008004100034010001700075035002000092040001800112042001200130050001500142100004300157245004100200260001200241300001800253500001500271650003700286999001700323ne 63002381 DLC20260227111752.0880902s1962 xx 000 0 ara  ane 63002381  a(OCoLC)23519256 aDLCcMiUdDLC apremarc00aHX442b.S21 aSaʻīd, Jamāl al-Dīn Muḥammad.13aal-Ishtirākīyah al-ʻArabīyah. c[1962?] a72 p.c20 cm. aRomanized. 0aSocialismzUnited Arab Republic. c46439d46439